| 000 | 02774cam a2200337 i 4500 | ||
|---|---|---|---|
| 001 | 991106407616806196 | ||
| 005 | 20250709090618.0 | ||
| 008 | 170316s2017 enk g b 001 0 eng | ||
| 010 | _a2017011127 | ||
| 020 | _a9781784780456 | ||
| 035 | _a(UTL)11395930-01utoronto_inst | ||
| 035 | _a(SIRSI)11395930 | ||
| 035 |
_a(OCoLC)951753168 _z(OCoLC)990064798 |
||
| 040 |
_aDLC _beng _erda _cDLC _dYDXCP _dBTCTA _dBDX _dERASA _dOCLCF _dNDD _dYDX _dIGA _dCaOTV _dCaOTUIRN |
||
| 041 | _aeng | ||
| 042 | _apcc | ||
| 050 | 0 | 0 |
_aQA76.5915 _b.G745 2017 |
| 100 |
_aGreenfield, Adam _eauthor _97514 |
||
| 245 | 1 | 0 |
_aRadical technologies _b: the design of everyday life _c/ Adam Greenfield. |
| 260 |
_aLondon ; _aNew York : _bVerso, _c2017. |
||
| 300 |
_a359 pages ; _c24 cm. |
||
| 504 | _aIncludes bibliographical references and index. | ||
| 505 | 0 | _aSmartphone: the networking of the self — The internet of things: a planetary mesh of perception and response — Augmented reality: an interactive overlay on the world — Digital fabrication: towards a political economy of matter — Cryptocurrency: the computational guarantee of value — Blockchain beyond Bitcoin: a trellis for posthuman institutions — Automation: the annihilation of work — Machine learning: the algorithmic production of knowledge — Artificial intelligence: the eclipse of human discretion — Radical technologies: the design of everyday life. | |
| 520 | 8 | _aEverywhere we turn, our everyday experience is being overlaid and interrupted by startling new technologies. Today, we depend on the smartphone as an interface to an urban environment we share with autonomous drones and self-driving cars, even as we use augmented-reality applications to interact with things that aren't quite there. Now 3D printing offers us unprecedented fine-grained control over the form and distribution of matter, while the blockchain promises to remake the way we record and exchange value. And all the while, fiendishly complex algorithmic systems are operating quietly, reshaping the economy, transforming the fundamental terms of our politics, and even beginning to etch away at what it means to be human. 00Just how did these things come to be? How do they work? What (and whose) values do they reproduce? And what kind of choices do they present us with? "Radical Technologies" raises all of these questions to the surface and provokes us to ask what we might want to do with them now, when we might still be able to shape their impact on our shared future. | |
| 650 | 0 |
_aUbiquitous computing _95863 |
|
| 650 | 0 |
_aElectronic data processing _xSocial aspects _925712 |
|
| 650 | 0 |
_aTechnological innovations _xSocial aspects _97506 |
|
| 650 | 0 |
_aTelematics _925713 |
|
| 650 | 0 |
_aWork design _925714 |
|
| 942 | _2lcc | ||
| 999 |
_c4839 _d4839 |
||